The Qur'anic phenomenon : an attempt at a theory of understanding the Holly Qur'an

Bibliographic Details
Main Authors: Bennabi, Malek , 1903-1973 (Author), Kirkari, Abu Bilal (Author)
Format: Book
Published: Kuala Lumpur : Islamic Book Trust , c1983
Subjects:

MARC

LEADER 00000cam a2200000 7i4500
001 0000004319
005 20230116093000.0
008 021118s1983
020 |a 0892590238 
090 0 0 |a BP130   |b .N312 1983 
100 0 |a Bennabi, Malek ,   |d 1903-1973 ,   |e author 
240 2 3 |a Le phenomene caranique 
245 1 4 |a The Qur'anic phenomenon :   |b an attempt at a theory of understanding the Holly Qur'an   |c Malek Ben Nabi   |f alihbahasa, Abu Bilal Kirkari 
260 2 |a Kuala Lumpur :   |b Islamic Book Trust ,   |c c1983 
300 |a iii, 184 p. ;   |c 23 cm. 
500 |a Translation of: Le phenomene caranique 
650 0 |a Qur'an; criticism, interpretation, etc 
700 1 |a Kirkari, Abu Bilal ,   |e author 
999 |a 1000002150   |b Book   |c OPEN SHELF (30 DAYS)   |e Gong Badak Campus 
999 |a 1000066460   |b Book   |c OPEN SHELF (30 DAYS)   |e Gong Badak Campus